La tasa de desempleo como argumento de la función de oferta de trabajo (Registro nro. 24809)
[ vista simple ]
| 000 -LEADER | |
|---|---|
| fixed length control field | 00354 a2200109 4500 |
| 001 - CONTROL NUMBER | |
| control field | ART_10910 |
| 005 - DATE AND TIME OF LATEST TRANSACTION | |
| control field | 20260410161849.0 |
| 008 - FIXED-LENGTH DATA ELEMENTS--GENERAL INFORMATION | |
| fixed length control field | 260409a |
| 100 1# - MAIN ENTRY--PERSONAL NAME | |
| Personal name | Chisari, Omar O. |
| 245 10 - TITLE STATEMENT | |
| Title | La tasa de desempleo como argumento de la función de oferta de trabajo |
| 773 0# - HOST ITEM ENTRY | |
| Title | Económica |
| Related parts | - Año XXVII, Nº 3 (sep./dic. 1981) |
| Record control number | REV7541 |
No hay ítems disponibles.